000 00475nam a2200169Ia 4500
008 090711s9999 xx 000 0 und d
082 _b55490
100 _aबेलसरे केशव वि.
245 _aनामसाधन
260 _c1983
300 _a64
600 _aबेलसरे केशव वि.
630 _aनामसाधन
700 _aबेलसरे केशव वि.
730 _aनामसाधन
942 _cBOOK
999 _c284553
_d284553